Statistics for Countries with Most Islands Over 1000 Sq Km

Click here to take the quiz!

General Stats

  • This quiz has been taken 72 times
  • The average score is 17 of 21

Answer Stats

#country% Correct
47Indonesia
100%
27Russia
95%
21United States
95%
49Canada
94%
5Japan
94%
4United Kingdom
94%
13Philippines
92%
9Australia
89%
3New Zealand
88%
6Norway
88%
4France
86%
4Greece
85%
4Denmark
79%
4Spain
79%
15Chile
77%
7Brazil
74%
3India
74%
8Papua New Guinea
70%
6Solomon Islands
48%
5Bahamas
36%
9Greenland
18%

Score Distribution

Percentile by Number Answered

Percent of People with Each Score

Your Score History

You have not taken this quiz